| 000 | 00661cam a22002291 4500 | ||
|---|---|---|---|
| 001 | sa 68001086 | ||
| 003 | DLC | ||
| 005 | 20260227112430.0 | ||
| 008 | 710903s1967 ii d 00000 eng | ||
| 010 | _asa 68001086 //r86 | ||
| 025 | _aPL480:I-E-8639 | ||
| 043 | _aa-ii--- | ||
| 050 | 0 |
_aHV6485.I52 _bJ3 |
|
| 082 | _a954/.3 | ||
| 100 | 1 | 0 | _aPandey, Kanhaiya Lal. |
| 245 | 1 | 0 | _aReport on the disturbances which took place at Jagdalpur on the 25th and 26th March, 1966. |
| 260 | 0 |
_aBhopal, _bGovt. Central Press, _c1967. |
|
| 300 |
_a156 p. _bfold. charts. _c25 cm. |
||
| 350 | _aRs2.50 | ||
| 500 | _aCover title. | ||
| 650 | 0 |
_aRiots _zIndia _zJagadalāpur. |
|
| 999 |
_c77687 _d77687 |
||